Nariño : (Registro nro. 18606)

Detalles MARC
000 -CABECERA
Campo de control 00806nem a2200229 i 4500
005 - FECHA Y HORA DE LA ULTIMA TRANSACCION
Campo de control 20160517120042.0
008 - ELEMENTOS DE LONGITUD FIJA—INFORMACION GENERAL
Campo de control 160517b1993 C ||||| |a|| 00| 0 spa d
040 ## - FUENTE DE CATALOGACIÓN
Agencia catalogadora original CO-BoIAVH
Agencia transcriptora CO-BoIAVH
041 ## - IDIOMA
Código de idioma para texto/pista de sonido o título separado Inglés
044 ## - PAÍS DE PUBLICACIÓN
País de publicación Colombia
090 ## - CLASIFICACIÓN LOCAL
Colección MC-
Consecutivo 0247
110 1# - ASIENTO PRINCIPAL--NOMBRE CORPORATIVO
Nombre corporativo o de jurisdicción como elemento de entrada United States
Unidad subordinad Defense Mapping Agency.
245 1# - MENCION DE TITULO
Título Nariño :
Parte restante del título Colombia
Mención de responsabilidad prepared and published by the Defense Mapping
Medio físico [Material Cartografico]/
255 ## - DATOS MATEMATICOS CARTOGRAFICOS
Mención de escala 1:100,000
260 ## - PUBLICACION, DISTRIBUCION, ETC. (PIE DE IMPRENTA)
Lugar de publicación, distribución, etc. United States :
Nombre del editor, distribuidor, etc. Defense Mapping Agency,
Fecha de publicación, distribución, etc. 1993
300 ## - DESCRIPCION FISICA
Extensión 1 mapa :
Otros detalles físicos color :
Dimensiones 60 x 76 cm
650 16 - ASIENTO SECUNDARIO DE MATERIA - TERMINO TEMATICO
Término temático o nombre geográfico como elemento de entrada Áreas urbanas
Subdivisión geográfica Nariño Colombia
650 16 - ASIENTO SECUNDARIO DE MATERIA - TERMINO TEMATICO
Término temático o nombre geográfico como elemento de entrada Áreas forestales
Subdivisión geográfica Nariño Colombia
650 16 - ASIENTO SECUNDARIO DE MATERIA - TERMINO TEMATICO
Término temático o nombre geográfico como elemento de entrada Montañas
Subdivisión geográfica Nariño Colombia
650 16 - ASIENTO SECUNDARIO DE MATERIA - TERMINO TEMATICO
Término temático o nombre geográfico como elemento de entrada Recursos de la tierra
Subdivisión geográfica Nariño Colombia
942 ## - ELEMENTOS ADICIONALES (KOHA)
Sistema de clasificación Local
Tipo de ítem Mapa
Existencias
Withdrawn status Lost status Sistema de Clasificación Damaged status No para préstamo Colección Ubicación Permanente Ubicación actual Fecha de adquisición Total Checkouts Número topográfico Inventario / Código de Barras Date last seen Ejemplar Price effective from Tipo de material
    Local       Bogotá Bogotá 17/05/2016   MC-0247 040224 17/05/2016 Ej.1 17/05/2016 Mapa